Normal view
MARC view
- 1- INSTITUTIONAL INVESTMENTS , 2- PORTFOLIO MANAGEMENT
Entry Topical Term
001 - CONTROL NUMBER
- control field: 63702
003 - CONTROL NUMBER IDENTIFIER
- control field: NUST
005 - DATE AND TIME OF LATEST TRANSACTION
- control field: 20210628203148.0
008 - FIXED-LENGTH DATA ELEMENTS
- fixed length control field: 210628|| aca||aabn | a|a d
040 ## - CATALOGING SOURCE
- Original cataloging agency: NUST
- Transcribing agency: NUST
150 ## - HEADING--TOPICAL TERM
- Topical term or geographic name entry element: 1- INSTITUTIONAL INVESTMENTS , 2- PORTFOLIO MANAGEMENT
670 ## - SOURCE DATA FOUND
- Source citation: Work cat.: (NUST): Treynor, Jack L 63701, Treynor on institutional investing, 2007
